000 00575nam a22001937a 4500
003 JO-AjAnu
005 20251015113252.0
008 251014b jo ||||| |||| 00| 0 ara d
020 _a978-9923-13-559-4
022 _a4936/9/2022
040 _aANU
_cJO-AjAnu
041 _hARA
100 _aحسن، ناجح
_eمؤلف
_966840
245 _aالسينما العربية : أطياف وأحلام
_c / ناجح حسن
260 _aعمان :
_bالان ناشرون وموزعون،
_c2023
300 _a271 صفحة
650 _vالسينما
942 _2lcc
_cBK
_n0
999 _c34094
_d34094